000 01078nam a2200217Ia 4500
005 20240530110943.0
008 140319s2021 sy ahk b 000 0 ara d
022 _a9789933658090
040 _aGCL /
_cGCL
082 0 4 _a686.3
_bس ت
100 0 _aسمر على صالح العراسى
245 1 0 _aتجليد الكتاب المخطوط فى اليمن فى الفترة من القرن الحادى عشر الى القرن الثالث عشر الهجرى:
_bدراسة فنية اثرية فى ضوء مجموعة دار المخطوطات بصنعاء/
_cسمر على صالح العراسى
260 _aدمشق :
_bنور حوران للدراسات والنشر والتراث،
_c2021.
300 _a410 ص. :
_bايض ؛
_c24 سم.
504 _aيشتمل على ارجاعات ببليوجرافية
650 0 7 _2qrmak
_aالعمارة الاسلامية
_zاليمن
650 0 7 _2qrmak
_aالمخطوطات
_zاليمن
650 0 7 _2qrmak
_aالفنون الاسلامية
_zاليمن
942 _2ddc
_cBK
999 _c66848
_d66848